[Event "1st EUR-ch"]
[Site "Saint Vincent ITA"]
[Date "2000.07.08"]
[Round "6"]
[White "Simonenko, Sergei"]
[Black "Macieja, Bartlomiej"]
[Result "1/2-1/2"]
[WhiteElo "2465"]
[BlackElo "2536"]
[EventDate "2000.07.03"]
[PlyCount "100"]

1.g3 c5 2.Bg2 g6 3.f4 Bg7 4.e4 Nc6 5.Nf3 e6 6.c3 Nge7 7.d3 O-O 8.O-O b6 9.
Qc2 Ba6 10.a4 Rc8 11.Rd1 d6 12.Be3 e5 13.Bh3 f5 14.Na3 exf4 15.gxf4 d5 16.
Nb5 d4 17.cxd4 Nxd4 18.Nbxd4 cxd4 19.Qb3+ Kh8 20.Bd2 h6 21.Bb4 fxe4 22.
dxe4 Rxf4 23.Bxc8 Nxc8 24.Re1 Qd7 25.Nd2 Be5 26.Qd5 Qg4+ 27.Kh1 Qh5 28.Ra3
Rf2 29.Qd8+ Kg7 30.Qd7+ Rf7 31.Qh3 Qxh3 32.Rxh3 Ne7 33.Nf3 Nc6 34.Bd2 g5 
35.Rc1 Bb7 36.Rxc6 Rxf3 37.Rcxh6 Bxe4 38.Kg1 d3 39.Rxf3 Kxh6 40.Rf8 Bxb2 
41.h4 Kg7 42.Re8 Bc6 43.Re7+ Kf8 44.Rc7 Bxa4 45.Rxa7 b5 46.Ra8+ Kf7 47.
hxg5 Bb3 48.Ra6 Bc4 49.Kf1 Bd4 50.Rc6 Kg7 1/2-1/2

[Event "1st EUR-ch"]
[Site "Saint Vincent ITA"]
[Date "2000.07.08"]
[Round "6"]
[White "Sorensen, Jan"]
[Black "Markowski, Tomasz"]
[Result "0-1"]
[WhiteElo "2399"]
[BlackElo "2568"]
[EventDate "2000.07.03"]
[PlyCount "80"]

1.e4 c5 2.Nf3 g6 3.d4 Bg7 4.Nc3 cxd4 5.Nxd4 Nc6 6.Nb3 Nf6 7.Be2 O-O 8.O-O 
d6 9.Kh1 a5 10.a4 Be6 11.Bg5 Rc8 12.f4 Nb4 13.Nd4 Bc4 14.Ndb5 Bxb5 15.axb5
Nd7 16.Bg4 Rc7 17.Rxa5 Nb6 18.Be2 Qd7 19.Ra3 Nc4 20.Bxc4 Rxc4 21.Rb3 Rfc8 
22.f5 h6 23.fxg6 fxg6 24.Bh4 Qe6 25.Be1 Rd4 26.Qe2 Nd3 27.Nd5 Nc1 28.Qe3 
Nxb3 29.Qxb3 Kh8 30.Qg3 Rxe4 31.Nf4 Rxf4 32.Rxf4 Rxc2 33.Rf1 Rxb2 34.Bc3 
Rxb5 35.Re1 Qf7 36.Qe3 Bxc3 37.Qxc3+ Kh7 38.h3 Re5 39.Rxe5 Qf1+ 40.Kh2 
Qf4+ 0-1

[Event "1st EUR-ch"]
[Site "Saint Vincent ITA"]
[Date "2000.07.08"]
[Round "6"]
[White "Timman, Jan"]
[Black "Lutz, Christopher"]
[Result "1/2-1/2"]
[WhiteElo "2639"]
[BlackElo "2595"]
[EventDate "2000.07.03"]
[PlyCount "73"]

1.e4 c5 2.Nf3 e6 3.d3 Nc6 4.g3 Nge7 5.Bg2 g6 6.O-O Bg7 7.c3 e5 8.a3 O-O 9.
b4 d6 10.Be3 b6 11.Qd2 Rb8 12.a4 cxb4 13.cxb4 d5 14.Na3 Be6 15.b5 Na5 16.
Qb2 f6 17.Bd2 Rf7 18.Bb4 Bf8 19.Nd2 dxe4 20.dxe4 Nc8 21.Bxf8 Qxf8 22.f4 
exf4 23.gxf4 Qc5+ 24.Kh1 Nd6 25.Rac1 Qh5 26.f5 gxf5 27.e5 Ne4 28.Nxe4 fxe4
29.Rxf6 Rxf6 30.exf6 Rd8 31.Qb1 Bb3 32.Rg1 Rd1 33.Bf3+ Rxg1+ 34.Qxg1+ Qg6 
35.Qd4 exf3 36.Qd8+ Kf7 37.Qe7+ 1/2-1/2

[Event "1st EUR-ch"]
[Site "Saint Vincent ITA"]
[Date "2000.07.08"]
[Round "6"]
[White "Vukovic, Zdravko"]
[Black "Aldrovandi, Costantino"]
[Result "0-1"]
[WhiteElo "2471"]
[BlackElo "2351"]
[EventDate "2000.07.03"]
[PlyCount "26"]

1.e4 c5 2.b3 Nc6 3.Bb2 d6 4.Bb5 e5 5.f4 g5 6.fxe5 Bg7 7.Na3 Ne7 8.Nc4 O-O 
9.exd6 Nd4 10.Bxd4 cxd4 11.dxe7 Qxe7 12.Nb2 Qxe4+ 13.Kf1 Qf5+ 0-1

[Event "1st EUR-ch"]
[Site "Saint Vincent ITA"]
[Date "2000.07.10"]
[Round "7"]
[White "Aldrovandi, Costantino"]
[Black "Kuczynski, Robert"]
[Result "0-1"]
[WhiteElo "2351"]
[BlackElo "2479"]
[EventDate "2000.07.03"]
[PlyCount "116"]

1.e4 c5 2.c3 d5 3.exd5 Qxd5 4.d4 Nf6 5.Nf3 g6 6.Be2 Bg7 7.O-O O-O 8.c4 Qd8
9.Nc3 cxd4 10.Nxd4 Ne4 11.Ndb5 Nxc3 12.Nxc3 Nc6 13.Be3 Qa5 14.Qd5 Bxc3 15.
bxc3 Qxc3 16.Rfc1 Qg7 17.Rab1 Rd8 18.Qc5 Qe5 19.Bf3 Qxc5 20.Bxc5 Kf8 21.
Re1 Rd7 22.Bd5 Rc7 23.Be3 Nd8 24.Bh6+ Ke8 25.Bf4 Rd7 26.h4 Ne6 27.Bxe6 
fxe6 28.Be5 Rd2 29.a4 Ra2 30.Ra1 Rxa1 31.Rxa1 Bd7 32.c5 Rc8 33.Bd4 Bc6 34.
a5 Rd8 35.Be3 a6 36.Kh2 Rd3 37.Kg3 e5 38.h5 g5 39.Kg4 h6 40.Kf5 Kf7 41.Rg1
e6+ 42.Kg4 Ra3 43.Rd1 Rxa5 44.Rd8 Ra4+ 45.Kg3 Rh4 46.Bc1 Rxh5 47.Bb2 e4 
48.Rh8 Rh4 49.Rh7+ Kg6 50.Rg7+ Kh5 51.Bf6 a5 52.Re7 Bd5 53.c6 bxc6 54.Ra7 
e3 55.f3 a4 56.Bb2 Rh1 57.Bc3 Rc1 58.Ba5 Kg6 0-1

[Event "1st EUR-ch"]
[Site "Saint Vincent ITA"]
[Date "2000.07.10"]
[Round "7"]
[White "Bauer, Christian"]
[Black "Krasenkow, Michal"]
[Result "1/2-1/2"]
[WhiteElo "2562"]
[BlackElo "2702"]
[EventDate "2000.07.03"]
[PlyCount "72"]

1.e4 c5 2.Nf3 Nc6 3.d4 cxd4 4.Nxd4 Nf6 5.Nc3 e5 6.Nf5 d5 7.exd5 Bxf5 8.
dxc6 bxc6 9.Qf3 Qd7 10.Bg5 Bb4 11.Bxf6 gxf6 12.Bd3 Bxd3 13.cxd3 Bxc3+ 14.
bxc3 Qe6 15.O-O O-O 16.Rfe1 Rfe8 17.d4 e4 18.Qf4 c5 19.Rad1 cxd4 20.Rxd4 
Rad8 21.Rxd8 Rxd8 22.h3 Re8 23.Re3 Qe5 24.Qh6 f5 25.g3 Re6 26.Qf4 Qxf4 27.
gxf4 Rc6 28.c4 Rxc4 29.Ra3 Kg7 30.Kg2 Rc2 31.Rxa7 e3 32.Re7 Rxf2+ 33.Kg3 
Rxa2 34.Rxe3 Kg6 35.Rb3 Kh5 36.Rb6 Ra3+ 1/2-1/2

[Event "1st EUR-ch"]
[Site "Saint Vincent ITA"]
[Date "2000.07.10"]
[Round "7"]
[White "Beliavsky, Alexander"]
[Black "Milov, Vadim"]
[Result "0-1"]
[WhiteElo "2654"]
[BlackElo "2626"]
[EventDate "2000.07.03"]
[PlyCount "125"]

1.d4 Nf6 2.c4 e6 3.Nf3 d5 4.Nc3 Bb4 5.Bg5 Nbd7 6.cxd5 exd5 7.Nd2 c6 8.e3 
O-O 9.Bd3 Re8 10.O-O Nf8 11.a3 Bd6 12.Qf3 Be7 13.Bxf6 Bxf6 14.b4 Be7 15.
Rfc1 Bd6 16.Na4 Qg5 17.Qe2 Bg4 18.Qe1 Ne6 19.Nc5 Nxd4 20.Nxb7 Bf3 21.g3 
Bxg3 22.fxg3 Rxe3 23.Qf1 Be2 24.Bxh7+ Kxh7 25.Qf4 Qxf4 26.gxf4 Rd3 27.Ra2 
Re8 28.Nf1 Rf3 29.Na5 Rxf4 30.Ng3 Bg4 31.Rf2 Rxf2 32.Kxf2 Re6 33.Rc3 Rf6+ 
34.Kg2 Bd7 35.Re3 Re6 36.Rd3 Ne2 37.Nxe2 Rxe2+ 38.Kg3 Re5 39.Nb3 g5 40.h4 
gxh4+ 41.Kxh4 Kg6 42.Kg3 Rh5 43.Kf4 Kf6 44.Nd4 Rh4+ 45.Ke3 Bf5 46.Rd2 Rh3+
47.Kf4 Bd7 48.Nf3 Ke7 49.Rh2 Rxh2 50.Nxh2 Kd6 51.Nf3 c5 52.bxc5+ Kxc5 53.
Ke3 Bf5 54.Nd4 Bg6 55.Nb3+ Kc4 56.Na5+ Kc3 57.Nc6 a6 58.Nd4 Bd3 59.Nc6 f6 
60.a4 f5 61.Kf4 Bc2 62.Ke5 Bxa4 63.Nd4 0-1

[Event "1st EUR-ch"]
[Site "Saint Vincent ITA"]
[Date "2000.07.10"]
[Round "7"]
[White "Bellini, Fabio"]
[Black "Sorensen, Jan"]
[Result "1-0"]
[WhiteElo "2484"]
[BlackElo "2399"]
[EventDate "2000.07.03"]
[PlyCount "89"]

1.e4 e6 2.d3 d5 3.Qe2 Nf6 4.Nf3 Be7 5.e5 Nfd7 6.g3 O-O 7.Bg2 f6 8.exf6 
Nxf6 9.O-O Nc6 10.b3 Bd6 11.Bb2 Qe8 12.c4 Qh5 13.d4 Ne4 14.Nc3 Nxc3 15.
Bxc3 Bd7 16.c5 Be7 17.Qe3 Rae8 18.b4 Bf6 19.b5 Ne7 20.Rab1 Nf5 21.Qf4 Bd8 
22.Qc1 Nh6 23.Ne5 Ng4 24.Nxg4 Qxg4 25.Qa3 Bf6 26.Qxa7 Bxd4 27.h3 Bxf2+ 28.
Rxf2 Qxg3 29.Be1 Qd3 30.Rbb2 Qd1 31.Qa5 Rxf2 32.Rxf2 Bxb5 33.Bf3 Qb1 34.
Qd2 c6 35.Kh2 e5 36.Rg2 Qf5 37.Bg4 Qf8 38.Qg5 Bd3 39.Bd7 Rd8 40.Be6+ Kh8 
41.Qxe5 Bg6 42.Bc3 Re8 43.Bd4 Re7 44.Rf2 Qe8 45.Qf4 1-0

[Event "1st EUR-ch"]
[Site "Saint Vincent ITA"]
[Date "2000.07.10"]
[Round "7"]
[White "Chernin, Alexander"]
[Black "Bunzmann, Dimitrij"]
[Result "1-0"]
[WhiteElo "2572"]
[BlackElo "2484"]
[EventDate "2000.07.03"]
[PlyCount "95"]

1.c4 b6 2.d4 e6 3.a3 f5 4.Nc3 Nf6 5.Nh3 Bb7 6.f3 Bd6 7.e3 Nh5 8.g3 O-O 9.
Bg2 Nc6 10.f4 Nf6 11.b4 Qc8 12.O-O a5 13.b5 Ne7 14.Nf2 Bxg2 15.Kxg2 c6 16.
Qf3 Bc7 17.a4 Bd6 18.Bb2 Bb4 19.Rac1 c5 20.Ne2 d5 21.dxc5 Ne4 22.Nxe4 fxe4
23.Qf2 bxc5 24.g4 Qe8 25.cxd5 Nxd5 26.Ng3 Qg6 27.Qe2 Rad8 28.Kh1 Nf6 29.
Bxf6 Rxf6 30.Rfd1 Rff8 31.Rc4 Rd5 32.Rxe4 Rfd8 33.Rxd5 exd5 34.Re7 Qb1+ 
35.Kg2 c4 36.Rc7 Bd6 37.Rc6 Qb4 38.Qc2 Bf8 39.Nf5 Re8 40.Qd1 Qb2+ 41.Kg3 
Rd8 42.Qd4 Qe2 43.Rc7 Qe1+ 44.Kh3 Kh8 45.Rf7 Qf1+ 46.Kh4 Qe1+ 47.Kh5 Qh1 
48.Rxg7 1-0

[Event "1st EUR-ch"]
[Site "Saint Vincent ITA"]
[Date "2000.07.10"]
[Round "7"]
[White "Dervishi, Erald"]
[Black "Anastasian, Ashot"]
[Result "0-1"]
[WhiteElo "2478"]
[BlackElo "2571"]
[EventDate "2000.07.03"]
[PlyCount "126"]

1.e4 Nf6 2.e5 Nd5 3.d4 d6 4.Nf3 Bg4 5.Be2 e6 6.c4 Nb6 7.O-O Be7 8.Nc3 O-O 
9.Be3 Nc6 10.exd6 cxd6 11.b3 Bf6 12.Rc1 d5 13.c5 Nc8 14.h3 Bxf3 15.Bxf3 
N8e7 16.g3 Nf5 17.Ne2 b6 18.Qd2 a5 19.Bg2 Rc8 20.Rfd1 bxc5 21.dxc5 Nxe3 
22.Qxe3 a4 23.h4 Bb2 24.Rb1 a3 25.Nf4 Nb4 26.Qd2 Rb8 27.Rxb2 axb2 28.Qxb2 
Qf6 29.Qd2 Nc6 30.Nd3 Qd4 31.Qc2 Nb4 32.Nxb4 Qxb4 33.Bf1 Rfc8 34.Rc1 Rc6 
35.Qc3 Qa3 36.Rc2 h6 37.Qd4 Kf8 38.Bd3 f6 39.Be2 Qb4 40.Qxb4 Rxb4 41.Rc3 
Rb8 42.f3 Ke7 43.h5 e5 44.Bd3 Rc7 45.g4 Kd7 46.Bf5+ Kc6 47.a3 d4 48.Be4+ 
Kd7 49.c6+ Kd6 50.Rd3 Ra7 51.b4 Rba8 52.b5 Kc7 53.Kf2 Kb6 54.Ke2 Ra5 55.a4
Rxa4 56.Rb3 R4a5 57.Bd3 Ra2+ 58.Kf1 Ra1+ 59.Kf2 R8a2+ 60.Kg3 Ra3 61.Rxa3 
Rxa3 62.Bf1 d3 63.Kf2 d2 0-1

[Event "1st EUR-ch"]
[Site "Saint Vincent ITA"]
[Date "2000.07.10"]
[Round "7"]
[White "Fedorov, Alexei"]
[Black "Fressinet, Laurent"]
[Result "1-0"]
[WhiteElo "2646"]
[BlackElo "2536"]
[EventDate "2000.07.03"]
[PlyCount "77"]

1.e4 c5 2.Nf3 d6 3.d4 cxd4 4.Nxd4 Nf6 5.Nc3 a6 6.f3 e5 7.Nb3 Be6 8.Be3 
Nbd7 9.g4 b5 10.g5 Nh5 11.Nd5 Be7 12.Nxe7 Qxe7 13.Qd2 Rd8 14.Na5 Nb8 15.c4
bxc4 16.Bxc4 O-O 17.b3 Nf4 18.Bxf4 exf4 19.O-O-O Qxg5 20.Rhg1 Qe5 21.Qb2 
Rc8 22.Rxd6 Rc5 23.Nb7 Qxb2+ 24.Kxb2 Rc6 25.Rxc6 Nxc6 26.Bxa6 Nd4 27.Rf1 
Ra8 28.Bd3 g5 29.Nc5 Bh3 30.Rf2 Kf8 31.a4 Nc6 32.Bb5 Ne5 33.b4 Ke7 34.Kc3 
Kf6 35.Bf1 Bxf1 36.Rxf1 g4 37.fxg4 Kg5 38.b5 f3 39.b6 1-0

[Event "1st EUR-ch"]
[Site "Saint Vincent ITA"]
[Date "2000.07.10"]
[Round "7"]
[White "Galkin, Alexander"]
[Black "Kempinski, Robert"]
[Result "1-0"]
[WhiteElo "2587"]
[BlackElo "2498"]
[EventDate "2000.07.03"]
[PlyCount "163"]

1.e4 c5 2.Nc3 d6 3.f4 a6 4.Nf3 e6 5.d4 cxd4 6.Nxd4 Qc7 7.Be3 Nf6 8.Qf3 b5 
9.Bd3 Bb7 10.g4 h6 11.O-O-O Nbd7 12.Kb1 Nc5 13.a3 d5 14.e5 Nfe4 15.Bxe4 
Nxe4 16.Nxe4 dxe4 17.Qf2 Be7 18.h4 Bd5 19.g5 Qc4 20.Nb3 a5 21.Rd4 Qc6 22.
Rhd1 a4 23.Nc1 b4 24.axb4 a3 25.c3 hxg5 26.hxg5 Rh3 27.Re1 Rc8 28.Qc2 axb2
29.Kxb2 Rh2 30.Re2 Rxe2 31.Nxe2 Ra8 32.Nc1 Qa6 33.Qb1 Qb5 34.Qc2 Qa6 35.
Qb1 g6 36.Kc2 Qf1 37.Kd2 Bd8 38.c4 Bxc4 39.Qxe4 Rc8 40.Qb7 Rc7 41.Qb8 Qg2+
42.Kd1 Bd5 43.Ne2 Qf1+ 44.Kd2 Qb1 45.Qb5+ Kf8 46.Qd3 Qb2+ 47.Ke1 Rc2 48.
Qd1 Rc8 49.Rxd5 exd5 50.Bc5+ Be7 51.Qxd5 Bxc5 52.bxc5 Qb4+ 53.Kf2 Qxc5+ 
54.Qxc5+ Rxc5 55.Ke3 Ke7 56.Nd4 Kd7 57.Ke4 Rc1 58.Nb5 Re1+ 59.Kd4 Ke6 60.
Nd6 Ra1 61.Ke4 Ra3 62.Kd4 Ra4+ 63.Ke3 Kd5 64.Kf3 Ra7 65.Kg3 Rd7 66.Kg4 Kd4
67.Kf3 Kd3 68.Nb5 Rb7 69.Nd6 Ra7 70.Kf2 Kd2 71.Ne4+ Kd1 72.Nd6 Rc7 73.Ke3 
Kc2 74.Ke4 Ra7 75.f5 Ra4+ 76.Kf3 Ra3+ 77.Kf2 gxf5 78.Nxf7 Kd3 79.e6 Ra8 
80.g6 Kd4 81.e7 Re8 82.g7 1-0

[Event "1st EUR-ch"]
[Site "Saint Vincent ITA"]
[Date "2000.07.10"]
[Round "7"]
[White "Gdanski, Jacek"]
[Black "Miljanic, Boro"]
[Result "0-1"]
[WhiteElo "2557"]
[BlackElo "2401"]
[EventDate "2000.07.03"]
[PlyCount "72"]

1.e4 e6 2.d4 d5 3.Nc3 Nf6 4.Bg5 Be7 5.e5 Nfd7 6.Bxe7 Qxe7 7.f4 a6 8.Nf3 c5
9.Qd2 Nc6 10.dxc5 Nxc5 11.Bd3 Bd7 12.O-O O-O 13.Rae1 f5 14.exf6 Qxf6 15.
Ne5 Be8 16.Qf2 Nxe5 17.Qxc5 Nxd3 18.cxd3 Bg6 19.Rf3 Rac8 20.Qf2 Bf5 21.
Rfe3 Rc6 22.Re5 Bg6 23.Ne2 Qxe5 24.fxe5 Rxf2 25.Kxf2 Rc2 26.Ke3 Rxb2 27.
Rc1 Bf5 28.a3 Bg4 29.Nf4 g5 30.Nh3 Bxh3 31.gxh3 Rxh2 32.Rc7 Rxh3+ 33.Kd4 
Rh4+ 34.Kc5 g4 35.Kd6 g3 36.Rc1 Rh6 0-1

[Event "1st EUR-ch"]
[Site "Saint Vincent ITA"]
[Date "2000.07.10"]
[Round "7"]
[White "Gelashvili, Tamaz"]
[Black "Rabinovich, Alexander"]
[Result "1-0"]
[WhiteElo "2519"]
[BlackElo "2424"]
[EventDate "2000.07.03"]
[PlyCount "87"]

1.g3 d5 2.Bg2 c6 3.Nf3 Bg4 4.O-O e6 5.d3 Nd7 6.Nbd2 Bc5 7.b3 Ngf6 8.Bb2 
O-O 9.c4 Qe7 10.a3 a5 11.d4 Ba7 12.h3 Bh5 13.Nh4 Bg6 14.Nxg6 hxg6 15.Qc2 
Rfd8 16.Rad1 e5 17.cxd5 cxd5 18.dxe5 Nxe5 19.Nf3 Nc6 20.e3 Ne4 21.Nd2 Nf6 
22.Nb1 Ne4 23.Nd2 Nf6 24.Nf3 Rac8 25.Qb1 Ne4 26.Qa1 f6 27.Nd4 Bc5 28.Nb5 
Bb6 29.Rd3 Kh8 30.Nc3 Nxc3 31.Bxc3 Qe6 32.Rfd1 Ne7 33.Qb2 Kh7 34.Qd2 a4 
35.bxa4 Rc4 36.a5 Bc5 37.Bb2 Ra4 38.h4 Ra8 39.h5 R8xa5 40.hxg6+ Kxg6 41.
Bxd5 Nxd5 42.Rxd5 Kf7 43.Bc3 Rg4 44.Rd7+ 1-0

[Event "1st EUR-ch"]
[Site "Saint Vincent ITA"]
[Date "2000.07.10"]
[Round "7"]
[White "Georgiev, Kiril"]
[Black "Malakhov, Vladimir"]
[Result "1/2-1/2"]
[WhiteElo "2661"]
[BlackElo "2605"]
[EventDate "2000.07.03"]
[PlyCount "127"]

1.e4 c5 2.Nf3 g6 3.d4 Bg7 4.Nc3 cxd4 5.Nxd4 Nc6 6.Be3 Nf6 7.Bc4 O-O 8.Bb3 
d6 9.f3 Bd7 10.Qd2 Rc8 11.O-O-O Ne5 12.Kb1 Nc4 13.Bxc4 Rxc4 14.g4 Qa5 15.
g5 Nh5 16.Nd5 Qd8 17.Ne2 e6 18.Ndc3 d5 19.exd5 Qa5 20.Ne4 Qxd5 21.b3 Rc7 
22.Qxd5 exd5 23.Rxd5 Bc6 24.Rd3 f5 25.gxf6 Nxf6 26.Nxf6+ Rxf6 27.Nd4 Bd7 
28.a4 a6 29.Re1 Rf7 30.f4 Rc8 31.Bc1 Bg4 32.Rg1 Bd7 33.Rg2 Re8 34.Bd2 Re4 
35.Nf3 Rfe7 36.Kc1 Bc6 37.Rd8+ Re8 38.Rxe8+ Rxe8 39.Rf2 Bf6 40.a5 Re7 41.
c4 Rf7 42.Be3 Bc3 43.Bd2 Bf6 44.Rf1 Be4 45.Bb4 h6 46.Nd2 Bc6 47.Kd1 Bd8 
48.Ke2 Rf5 49.Bc3 Bxa5 50.Bxa5 Rxa5 51.Ke3 Rh5 52.Rf2 Kf7 53.Kd4 Ke6 54.
Nf1 Rh4 55.Kc5 Rh3 56.Ng3 h5 57.b4 h4 58.Ne2 Kf6 59.Nd4 Bh1 60.b5 axb5 61.
Nxb5 Rb3 62.Nc7 Kf5 63.Nd5 Be4 64.Rd2 1/2-1/2

[Event "1st EUR-ch"]
[Site "Saint Vincent ITA"]
[Date "2000.07.10"]
[Round "7"]
[White "Gershon, Alik"]
[Black "Azmaiparashvili, Zurab"]
[Result "1-0"]
[WhiteElo "2502"]
[BlackElo "2673"]
[EventDate "2000.07.03"]
[PlyCount "77"]

1.d4 d6 2.Nf3 Bg4 3.c4 Nd7 4.e4 e5 5.d5 f5 6.Be2 Nc5 7.Ng5 Be7 8.Bxg4 Bxg5
9.Bxg5 Qxg5 10.exf5 Nf6 11.Bh3 Qh4 12.O-O Qxc4 13.Nc3 O-O 14.g3 Rf7 15.Re1
Qd3 16.Re3 Qxd1+ 17.Rxd1 a5 18.g4 Ra6 19.g5 Nh5 20.Ne2 Rb6 21.Bg4 Nf4 22.
Nxf4 exf4 23.Re8+ Rf8 24.Rde1 Rxb2 25.Rxf8+ Kxf8 26.Bh5 g6 27.fxg6 hxg6 
28.Bxg6 f3 29.Re3 Rxa2 30.Rxf3+ Kg8 31.Bf5 Ra4 32.Kg2 Kg7 33.Kg3 Ne4+ 34.
Bxe4 Rxe4 35.Rc3 Kg6 36.f4 Kf5 37.Rxc7 Re3+ 38.Kh4 Kxf4 39.Rf7+ 1-0

[Event "1st EUR-ch"]
[Site "Saint Vincent ITA"]
[Date "2000.07.10"]
[Round "7"]
[White "Godena, Michele"]
[Black "Drei, Andrea"]
[Result "1-0"]
[WhiteElo "2485"]
[BlackElo "2350"]
[EventDate "2000.07.03"]
[PlyCount "77"]

1.e4 c5 2.Nc3 Nc6 3.Bb5 Nd4 4.Bc4 g6 5.Nf3 a6 6.Nxd4 cxd4 7.Qf3 e6 8.Ne2 
Bg7 9.d3 Ne7 10.Bb3 Nc6 11.Qg3 d6 12.Bd2 b5 13.a4 Rb8 14.axb5 axb5 15.O-O 
O-O 16.Bf4 e5 17.Bg5 Qc7 18.f4 Kh8 19.fxe5 dxe5 20.Qh4 f5 21.exf5 gxf5 22.
Ng3 Na5 23.Bd5 Qd6 24.Ba2 Nc6 25.Nh5 f4 26.Nxg7 Kxg7 27.Bd5 Bb7 28.Be4 h6 
29.Rf3 hxg5 30.Qh7+ Kf6 31.Rh3 Ke6 32.Rh6+ Rf6 33.Qf5+ Ke7 34.Rh7+ Kd8 35.
Qxg5 Ne7 36.Bxb7 Rxb7 37.Qg7 Kd7 38.Ra6 Qb4 39.c3 1-0

[Event "1st EUR-ch"]
[Site "Saint Vincent ITA"]
[Date "2000.07.10"]
[Round "7"]
[White "Jonkman, Harmen"]
[Black "David, Alberto"]
[Result "0-1"]
[WhiteElo "2424"]
[BlackElo "2487"]
[EventDate "2000.07.03"]
[PlyCount "80"]

1.e4 d6 2.d4 Nf6 3.Nc3 g6 4.Be3 c6 5.h3 Nbd7 6.Nf3 Qc7 7.a4 Bg7 8.Be2 b6 
9.Nd2 O-O 10.g4 d5 11.e5 Ne4 12.O-O Rd8 13.Bd3 Nxd2 14.Bxd2 Nb8 15.f4 c5 
16.Nb5 Qb7 17.c3 Nc6 18.Be3 a6 19.Na3 cxd4 20.cxd4 f5 21.Rc1 Rf8 22.Nb1 
Be6 23.Nd2 Qd7 24.Be2 Rfc8 25.Nf3 Bh6 26.Nh4 Na5 27.Rxc8+ Qxc8 28.Kh2 Kh8 
29.Rg1 Qf8 30.Qf1 Nc4 31.Bc1 Rc8 32.Bd3 fxg4 33.Qe2 Bxf4+ 34.Kh1 Bxc1 35.
Rxc1 Qh6 36.Qe1 gxh3 37.b3 Ne3 38.Bxa6 Rxc1 39.Qxc1 Qf4 40.Bc8 Qxh4 0-1

[Event "1st EUR-ch"]
[Site "Saint Vincent ITA"]
[Date "2000.07.10"]
[Round "7"]
[White "Kharlov, Andrei"]
[Black "Timman, Jan"]
[Result "1-0"]
[WhiteElo "2627"]
[BlackElo "2639"]
[EventDate "2000.07.03"]
[PlyCount "91"]

1.d4 Nf6 2.c4 e6 3.Nc3 Bb4 4.Qc2 d5 5.cxd5 Qxd5 6.Nf3 Qf5 7.Qxf5 exf5 8.a3
Bd6 9.g3 c6 10.Bf4 Bxf4 11.gxf4 Nbd7 12.Bg2 Nb6 13.Ne5 Be6 14.O-O Nfd5 15.
e3 Nxc3 16.bxc3 f6 17.Nd3 Bc4 18.Rfd1 Na4 19.Nc5 Nxc5 20.dxc5 Ke7 21.Rab1 
Rab8 22.Rd4 Ba6 23.Bh3 g6 24.Bf1 Bxf1 25.Kxf1 Rhd8 26.Ra4 Kd7 27.Rxa7 Kc7 
28.c4 g5 29.fxg5 fxg5 30.a4 Rd2 31.a5 Ra2 32.Kg2 Ra4 33.Rb6 Rxc4 34.a6 
Rxc5 35.Raxb7+ Rxb7 36.Rxb7+ Kd6 37.Rxh7 g4 38.Rh5 Ke5 39.Rh8 Ra5 40.Ra8 
Kf6 41.Kg3 c5 42.a7 Kg7 43.Kf4 c4 44.Kg5 c3 45.Rc8 Rxa7 46.Rxc3 1-0

[Event "1st EUR-ch"]
[Site "Saint Vincent ITA"]
[Date "2000.07.10"]
[Round "7"]
[White "Lutz, Christopher"]
[Black "Alexandrov, Alexei"]
[Result "1/2-1/2"]
[WhiteElo "2595"]
[BlackElo "2591"]
[EventDate "2000.07.03"]
[PlyCount "107"]

1.e4 e5 2.Nf3 Nc6 3.Bb5 Nf6 4.O-O Nxe4 5.d4 Nd6 6.Bxc6 dxc6 7.dxe5 Nf5 8.
Qxd8+ Kxd8 9.Nc3 a5 10.h3 h6 11.a3 Be6 12.Rd1+ Kc8 13.g4 Ne7 14.Nd4 Bd7 
15.e6 Bxe6 16.Nxe6 fxe6 17.Bf4 Nd5 18.Be5 Rg8 19.Ne4 Be7 20.c4 Nb6 21.Rac1
a4 22.Re1 Nd7 23.Bc3 c5 24.Re2 Ra6 25.Rce1 e5 26.Nd2 Rf8 27.Kg2 Raf6 28.
Ne4 Rg6 29.Ng3 Bd6 30.Bd2 Nb6 31.Rc1 Kd7 32.Be3 Kc6 33.Ne4 Re6 34.f3 Ree8 
35.Bf2 Rd8 36.Bg3 Rf7 37.Rcc2 Re8 38.Re3 Rd7 39.Nf2 Rde7 40.Ne4 Re6 41.Nf2
g6 42.Re4 Nd7 43.Rce2 b5 44.cxb5+ Kxb5 45.Nd1 Nb6 46.Nc3+ Kc6 47.Nxa4 g5 
48.Nc3 Rb8 49.Rc2 Ree8 50.Bf2 Nd7 51.Na4 Kb5 52.Nc3+ Kc6 53.Na4 Kd5 54.
Nc3+ 1/2-1/2

[Event "1st EUR-ch"]
[Site "Saint Vincent ITA"]
[Date "2000.07.10"]
[Round "7"]
[White "Macieja, Bartlomiej"]
[Black "Beshukov, Sergei"]
[Result "1/2-1/2"]
[WhiteElo "2536"]
[BlackElo "2428"]
[EventDate "2000.07.03"]
[PlyCount "75"]

1.e4 c5 2.Nf3 Nc6 3.Nc3 e6 4.d4 cxd4 5.Nxd4 Nf6 6.Nxc6 bxc6 7.e5 Nd5 8.Ne4
Qc7 9.f4 Qa5+ 10.Bd2 Qb6 11.Bd3 Be7 12.Qe2 a5 13.c4 f5 14.Nd6+ Bxd6 15.
exd6 Nf6 16.Bc3 O-O 17.O-O-O Qc5 18.Qe5 Qxe5 19.Bxe5 c5 20.h3 Bb7 21.Rhg1 
Ne4 22.g4 g6 23.Be2 fxg4 24.hxg4 g5 25.Rdf1 gxf4 26.Rxf4 Rxf4 27.Bxf4 Rf8 
28.Rf1 Rf7 29.Kc2 Bc6 30.b3 Kg7 31.Kd3 Kg8 32.Kc2 Kg7 33.a4 Kg6 34.Bd3 Rf6
35.Kc1 Kf7 36.Kc2 Kg6 37.Kc1 Kf7 38.Kc2 1/2-1/2

[Event "1st EUR-ch"]
[Site "Saint Vincent ITA"]
[Date "2000.07.10"]
[Round "7"]
[White "Marcelin, Cyril"]
[Black "Efimov, Igor"]
[Result "1/2-1/2"]
[WhiteElo "2433"]
[BlackElo "2520"]
[EventDate "2000.07.03"]
[PlyCount "108"]

1.d4 d6 2.e4 g6 3.Nc3 Bg7 4.Nge2 c6 5.a4 d5 6.Be3 Nh6 7.Qd2 Ng4 8.Bf4 e5 
9.dxe5 O-O 10.exd5 Qb6 11.Nd4 Qxb2 12.Nb3 Nxe5 13.Bxe5 Bxe5 14.Nd1 Qxb3 
15.cxb3 Bxa1 16.Bc4 cxd5 17.Bxd5 Nc6 18.Ne3 Rd8 19.O-O Bf6 20.Qe2 Kg7 21.
Rd1 Bd7 22.h3 Rac8 23.Qb5 Rc7 24.Qc4 Rcc8 25.Qf4 h5 26.Bc4 Ne5 27.Rd6 Be6 
28.Rxd8 Rxd8 29.Bxe6 fxe6 30.Qe4 Rd7 31.Kh2 b6 32.Nc4 Nxc4 33.Qxc4 Be5+ 
34.g3 Kf7 35.Qe2 Rd5 36.Kg2 Bd4 37.g4 a5 38.Qf3+ Ke7 39.Qe4 hxg4 40.hxg4 
g5 41.f4 gxf4 42.Qxf4 Be5 43.Qe4 Bf6 44.Qh7+ Kd6 45.Qb7 Bd8 46.Qa6 Rd4 47.
Kf3 Rd5 48.Ke4 Re5+ 49.Kf3 Rd5 50.Qc8 Bg5 51.Qb8+ Kc6 52.Ke4 Rc5 53.Qc8+ 
Kd6 54.Qb8+ Kc6 1/2-1/2

[Event "1st EUR-ch"]
[Site "Saint Vincent ITA"]
[Date "2000.07.10"]
[Round "7"]
[White "Mikhalevski, Alexander"]
[Black "Everet, Alexander"]
[Result "1/2-1/2"]
[WhiteElo "2464"]
[BlackElo "2348"]
[EventDate "2000.07.03"]
[PlyCount "105"]

1.d4 f5 2.g3 Nf6 3.Bg2 e6 4.Nf3 Be7 5.O-O O-O 6.c4 d5 7.b3 c6 8.Ba3 Nbd7 
9.Bxe7 Qxe7 10.Nbd2 Ne4 11.Qc2 b5 12.c5 b4 13.a3 Ba6 14.Rfe1 bxa3 15.Rxa3 
Bb5 16.Nc4 Ndxc5 17.Nce5 Nd7 18.Rea1 Nxe5 19.Nxe5 a6 20.f3 Qb4 21.e3 Nc3 
22.Bf1 c5 23.Bxb5 Nxb5 24.Ra4 Qc3 25.Qxc3 Nxc3 26.Rxa6 Rxa6 27.Rxa6 cxd4 
28.Kf2 Rb8 29.exd4 h6 30.h4 Nb5 31.Nc6 Rb7 32.b4 Nc7 33.Ra7 Rxa7 34.Nxa7 
Kf7 35.Ke3 Ke7 36.h5 Kd7 37.Kd3 Ne8 38.b5 Kc7 39.Ke3 Nf6 40.Nc6 Nxh5 41.g4
f4+ 42.Kd3 Nf6 43.Ne5 g5 44.Nf7 Ne8 45.Kc3 Kb7 46.Kb3 Kc7 47.Ka4 Kb6 48.
Kb4 Nc7 49.Nd6 Na8 50.Nf7 Nc7 51.Nd6 Na8 52.Nf7 Nc7 53.Nd6 1/2-1/2

[Event "1st EUR-ch"]
[Site "Saint Vincent ITA"]
[Date "2000.07.10"]
[Round "7"]
[White "Mikhalevski, Victor"]
[Black "Morovic, Ivan"]
[Result "1/2-1/2"]
[WhiteElo "2532"]
[BlackElo "2608"]
[EventDate "2000.07.03"]
[PlyCount "79"]

1.d4 Nf6 2.c4 e6 3.g3 c5 4.d5 exd5 5.cxd5 d6 6.Nc3 g6 7.Bg2 Bg7 8.Nf3 O-O 
9.O-O Re8 10.Nd2 a6 11.a4 Nbd7 12.h3 Rb8 13.Nc4 Nb6 14.Na3 Bd7 15.a5 Nc8 
16.Nc4 Bb5 17.Qb3 Bxc4 18.Qxc4 Nd7 19.Qd3 Ne5 20.Qc2 Na7 21.Ne4 Nb5 22.e3 
f5 23.Nd2 c4 24.Nxc4 Rc8 25.Ra4 Nxc4 26.Rxc4 Rxc4 27.Qxc4 Qxa5 28.h4 Qc7 
29.Qxc7 Nxc7 30.Bd2 Nb5 31.Rb1 Kf7 32.Bf1 Rc8 33.Bxb5 axb5 34.Ra1 Bxb2 35.
Ra7 Rc7 36.Ba5 Rc5 37.Rxb7+ Kg8 38.Rb8+ Kf7 39.Rb7+ Kg8 40.Rb8+ 1/2-1/2

[Event "1st EUR-ch"]
[Site "Saint Vincent ITA"]
[Date "2000.07.10"]
[Round "7"]
[White "Romanishin, Oleg"]
[Black "Conquest, Stuart"]
[Result "1/2-1/2"]
[WhiteElo "2591"]
[BlackElo "2529"]
[EventDate "2000.07.03"]
[PlyCount "31"]

1.Nf3 Nf6 2.g3 b6 3.Bg2 Bb7 4.O-O g6 5.c4 c5 6.Nc3 Bg7 7.Re1 Ne4 8.Nxe4 
Bxe4 9.d4 O-O 10.d5 b5 11.cxb5 a6 12.Bf1 d6 13.Nh4 Qa5 14.Bd2 Qxb5 15.Bc3 
Qb7 16.Bg2 1/2-1/2

[Event "1st EUR-ch"]
[Site "Saint Vincent ITA"]
[Date "2000.07.10"]
[Round "7"]
[White "Shevelev, Arkady"]
[Black "Franco Ocampos, Zenon"]
[Result "1-0"]
[WhiteElo "2354"]
[BlackElo "2512"]
[EventDate "2000.07.03"]
[PlyCount "55"]

1.e4 c5 2.Nf3 Nc6 3.d4 cxd4 4.Nxd4 Qc7 5.Nc3 e6 6.g3 d6 7.Bg2 Nxd4 8.Qxd4 
Bd7 9.O-O Nf6 10.Bg5 Be7 11.Rad1 h6 12.Be3 O-O 13.Qb4 Bc6 14.Nb5 Qb8 15.
Nd4 Bd7 16.e5 Nd5 17.Bxd5 exd5 18.Bf4 a5 19.Qa3 g5 20.exd6 Bf6 21.Be3 Be5 
22.f4 Bxd6 23.Qd3 Re8 24.fxg5 Re4 25.Nf5 Bxf5 26.Rxf5 Qe8 27.Bf2 Qe6 28.
Rf6 1-0